[Event "XI Open"]
[Site "Malaga ESP"]
[Date "2008.03.01"]
[Round "9"]
[White "Guerra Bastida,D"]
[Black "Herraiz Hidalgo,H"]
[Result "1/2-1/2"]
[WhiteElo "2386"]
[BlackElo "2485"]

1.e4 e6 2.d4 d5 3.Nc3 Nf6 4.e5 Nfd7 5.f4 c5 6.Nf3 Nc6 7.Be3 a6 8.Qd2 b5 9.dxc5 Bxc5
10.Ne2 b4 11.Bxc5 Nxc5 12.Ned4 Nxd4 13.Nxd4 Qb6 14.Qe3 O-O 15.Nb3 Na4 16.Qxb6 Nxb6
17.a3 bxa3 18.Rxa3 f6 19.exf6 Rxf6 20.g3 e5 21.fxe5 Re6 22.Nd4 Rxe5+ 23.Kd2 Re4
24.c3 Nc4+ 25.Bxc4 dxc4 26.Re1 Rxe1 27.Kxe1 Bd7 28.Kd2 Rb8 29.Kc1 Rb6 30.Ra5 Rf6
31.Re5 Rf1+ 32.Kd2 Rb1 33.Kc2 Rh1 34.Re2 g5 35.Kd2 Bg4 36.Rf2 Kg7 37.Ke3 Re1+
38.Kd2 Rd1+ 39.Ke3 Re1+ 40.Kd2 Re8 41.Rf1 Rb8 42.Kc2 Kg6 43.Nc6 Re8 44.Nd4 Rb8
45.Nc6 Re8 46.Nd4 Re5 47.Ra1 a5 48.Kd2 Bd7  1/2-1/2

[Event "58th ch-RUS w 1st liga"]
[Site "Smolensk RUS"]
[Date "2008.03.03"]
[Round "6"]
[White "Avdeenko,T"]
[Black "Miloserdova,I"]
[Result "1-0"]
[WhiteElo "2194"]
[BlackElo "2015"]

1.e4 e6 2.d4 d5 3.Nc3 Nf6 4.e5 Nfd7 5.f4 c5 6.Nf3 Nc6 7.Be3 cxd4 8.Nxd4 Bc5
9.Qd2 Nxd4 10.Bxd4 Bxd4 11.Qxd4 Qb6 12.Nb5 Qxd4 13.Nxd4 Ke7 14.O-O-O Nc5
15.Bd3 Bd7 16.Rhf1 Rhf8 17.Rf3 g6 18.g4 a6 19.Rh3 Rh8 20.Rg1 Rac8 21.Kd2 Rcf8
22.g5 Rc8 23.b3 b5 24.a3 Rb8 25.c3 Rbc8 26.Bc2 a5 27.b4 Na6 28.Bd3 Rb8 29.bxa5 Nc5
30.Rb1 Ra8 31.Bxb5 Rxa5 32.Bxd7 Kxd7 33.Rb5 Rxb5 34.Nxb5 Ne4+ 35.Kc2 Kc6
36.a4 Ra8 37.Rxh7 Rxa4 38.Nd4+ Kc5 39.Kb3 Ra7 40.Nxe6+ Kb5 41.Nd4+ Kc5 42.Rh8 Rb7+
43.Kc2 Kc4 44.Rc8+ Nc5 45.Nb3 Rxb3 46.Rxc5+ Kxc5 47.Kxb3 d4 48.cxd4+ Kxd4
49.h4 Kd5 50.Kc3 Ke6 51.Kd4 Kf5 52.Ke3 Kg4 53.Ke4 Kxh4 54.Kf3  1-0

[Event "FSGM March"]
[Site "Budapest HUN"]
[Date "2008.03.05"]
[Round "4"]
[White "Szabo,Krisz1"]
[Black "Kosic,D"]
[Result "1/2-1/2"]
[WhiteElo "2500"]
[BlackElo "2511"]

1.e4 e6 2.d4 d5 3.Nc3 Nf6 4.e5 Nfd7 5.f4 c5 6.Nf3 Nc6 7.Be3 Be7 8.Be2 O-O
9.O-O a6 10.Qd2 b5 11.a3 Qb6 12.Rad1 Bb7 13.Rfe1 cxd4 14.Nxd4 Bc5 15.Bg4 Nxd4
16.Bxd4 Bxd4+ 17.Qxd4 g6 18.Ne2 Rfc8 19.c3 Qxd4+ 20.Nxd4 Nc5 21.Be2 h5 22.Kf2 Kf8
23.Ke3 Ke7 24.g3 Bc6 25.h3 Bd7 26.Bd3 Rh8 27.Rd2 Rac8 28.Rf2 Rb8 29.Bc2 Nb7
30.b4 Rbc8 31.Kd2 Nd8 32.Nb3 Nb7 33.Re3 Rc7 34.Ref3 Nd8 35.Nc5 Rxc5 36.bxc5 Nb7
37.Rf1 Nxc5 38.R3f2 Nb7 39.g4 hxg4 40.hxg4 Na5 41.Bd3 Rh4 42.Rg1 Nc6 43.Re2 Na5
44.Kc2 Rh3 45.Rgg2 Nc4 46.Bxc4 bxc4 47.Rd2 Rf3 48.Rgf2 Rg3 49.g5 Rg1 50.Kb2 Rg3  1/2-1/2

[Event "TCh-BEL 2007-8"]
[Site "Belgium BEL"]
[Date "2008.03.06"]
[Round "11"]
[White "Van den Brande,W"]
[Black "Marechal,A"]
[Result "1/2-1/2"]
[WhiteElo "2236"]
[BlackElo "2301"]

1.e4 e6 2.d4 d5 3.Nc3 Nf6 4.e5 Nfd7 5.f4 c5 6.Nf3 Nc6 7.Be3 Be7 8.Be2 O-O
9.O-O a6 10.Kh1 b5 11.a3 Bb7 12.Qd2 Rc8 13.Nd1 cxd4 14.Nxd4 Nc5 15.Nf2 Ne4
16.Nxe4 dxe4 17.Rfd1 Nxd4 18.Bxd4 f6 19.a4 Qd5 20.Qe3 Qc6 21.axb5 axb5 22.c3 f5
23.Ra5 b4 24.Rb5 bxc3 25.bxc3 Ra8 26.Rdb1 Ba6 27.Rb6 Qc8 28.Bxa6 Rxa6 29.h3 Rxb6
30.Rxb6 Qc4 31.Rb7 Re8 32.Kh2  1/2-1/2

[Event "KNSB TCh-NED 2007-8"]
[Site "Netherlands NED"]
[Date "2008.03.08"]
[Round "7"]
[White "Bolwerk,P"]
[Black "Groffen,H"]
[Result "1/2-1/2"]
[WhiteElo "2271"]
[BlackElo "2204"]

1.e4 e6 2.d4 d5 3.Nc3 Nf6 4.e5 Nfd7 5.f4 c5 6.Nf3 Nc6 7.Be3 Qb6 8.Na4 Qa5+
9.c3 c4 10.b4 Qc7 11.Nb2 b5 12.g3 a5 13.a3 Nb6 14.Bh3 Bd7 15.O-O Ne7 16.Nh4 g6
17.Qf3 h5 18.Qf2 Nf5 19.Nf3 Be7 20.Ng5 Nh6 21.Qc2 Nf5 22.Bf2 Ra7 23.Rfe1 Qd8
24.Qd2 Qa8 25.Qc1 Nh6 26.Qb1 Qd8 27.Be3 Nf5 28.Bd2 Qa8 29.Rc1 Bc6 30.Nd1 axb4
31.axb4 Bxg5 32.Rxa7 Qxa7 33.fxg5 Ke7 34.Ne3 Nxe3 35.Bxe3 Ra8 36.Rf1 Be8
37.Qe1 Qa2 38.g4 h4 39.Qxh4 Qe2 40.Qf2 Qxf2+ 41.Bxf2 Ra3 42.Rc1 Na4 43.Be1 Ra2
44.Bf1 Kf8 45.h4 Kg7 46.Bg2 Ra3 47.Bf3 Bc6 48.Rc2 Ra1 49.Kf2 Bd7 50.Bd2 Ra3
51.Bd1 Be8 52.Ke2 Bc6 53.Rc1 Be8 54.h5 Nb6 55.Bc2 Nd7 56.Rf1 Ra2 57.Kd1 Ra1+
58.Bc1 Ra6 59.Bb2 Ra2 60.Kc1 Ra6 61.Kb1 Rc6 62.Bc1 Ra6 63.Bd2 Rc6 64.Kb2 Ra6
65.Rh1 Ra8 66.Rf1 Ra6 67.Rh1  1/2-1/2

[Event "KNSB TCh-NED 2007-8"]
[Site "Netherlands NED"]
[Date "2008.03.08"]
[Round "7"]
[White "Broekmeulen,Ja"]
[Black "Peng Zhaoqin"]
[Result "0-1"]
[WhiteElo "2312"]
[BlackElo "2461"]

1.e4 e6 2.Nc3 d5 3.d4 Nf6 4.e5 Nfd7 5.f4 c5 6.Nf3 Nc6 7.Be3 Be7 8.Qd2 O-O
9.a3 a6 10.dxc5 Nxc5 11.Qf2 Qa5 12.Bd3 f6 13.exf6 Nxd3+ 14.cxd3 Bxf6 15.d4 Bd7
16.O-O Rac8 17.g4 Qd8 18.h4 Be7 19.h5 Bd6 20.Qg3 Na5 21.Ne5 Nc4 22.Nxc4 Rxc4
23.Qg2 Kh8 24.Rf3 b5 25.Raf1 a5 26.f5 b4 27.axb4 axb4 28.h6 bxc3 29.hxg7+ Kxg7
30.f6+ Kh8 31.g5 Be8 32.Rh3 Bg6 33.Rxh7+ Bxh7 34.f7 Bf5 35.Qh1+ Kg7 36.Qh6+ Kxf7
37.g6+ Ke8 38.g7 Qe7 39.Bg5 Qf7  0-1

[Event "KNSB TCh-NED 2007-8"]
[Site "Netherlands NED"]
[Date "2008.03.08"]
[Round "7"]
[White "Vedder,H"]
[Black "Michielsen,J"]
[Result "1-0"]
[WhiteElo "2375"]
[BlackElo "2312"]

1.e4 e6 2.d4 d5 3.Nc3 Nf6 4.e5 Nfd7 5.f4 c5 6.Nf3 Nc6 7.Be3 Be7 8.Qd2 O-O
9.dxc5 Bxc5 10.Bxc5 Nxc5 11.Bd3 f6 12.O-O Qb6 13.Kh1 Qxb2 14.Rab1 Qa3 15.exf6 Rxf6
16.Nb5 Qa4 17.Ne5 Nxd3 18.Qxd3 a6 19.Nc7 Ra7 20.c4 Qa5 21.Ne8 Rf8 22.Nxg7 Qc7
23.Nh5 Nd8 24.Qd4 b5 25.Rb3  1-0

[Event "FSIM March"]
[Site "Budapest HUN"]
[Date "2008.03.13"]
[Round "12"]
[White "Lorand,N"]
[Black "Werner,Di"]
[Result "1-0"]
[WhiteElo "2259"]
[BlackElo "2293"]

1.e4 e6 2.d4 d5 3.Nc3 Nf6 4.e5 Nfd7 5.f4 c5 6.Nf3 Nc6 7.Be3 cxd4 8.Nxd4 Bc5
9.Qd2 O-O 10.O-O-O a6 11.Nb3 b6 12.h4 Bb7 13.Rh3 Rc8 14.h5 Bb4 15.Rg3 Ne7
16.Bd3 Nc5 17.Bxc5 bxc5 18.f5 Nxf5 19.Bxf5 Qh4 20.Qh6 g6 21.Rh3  1-0

[Event "TCh-AUT 1st Bundesliga 2007-8"]
[Site "Graz AUT"]
[Date "2008.03.13"]
[Round "8"]
[White "Lanka,Z"]
[Black "Socko,B"]
[Result "1/2-1/2"]
[WhiteElo "2475"]
[BlackElo "2635"]

1.e4 e6 2.d4 d5 3.Nc3 Nf6 4.e5 Nfd7 5.f4 c5 6.Nce2 Nc6 7.c3 f5 8.Nf3 Be7
9.g3 O-O 10.Bg2 cxd4 11.cxd4 Nb6 12.h3 Bd7 13.g4 a5 14.O-O a4 15.Kh1 a3 16.bxa3 Na5
17.gxf5 exf5 18.Rg1 Nac4 19.Nc3 h6 20.Ne1 Bc6 21.Nd3 Bxa3 22.Qe1 Kh7 23.Bf3 Rg8
24.Kh2 Be7 25.Qg3 g6 26.Qg2 Ra5 27.Rb1 Na4 28.Ne2 Qf8 29.Rb3 Qf7 30.Qf2 Rga8
31.Rg2 Rb5 32.Qg3 Rg8 33.Qe1 Rb6 34.Ng1 Ra8 35.h4 Rg8 36.Nh3 Qe6 37.h5 gxh5
38.Rxg8 Qxg8 39.Bxh5 Be8 40.Bf3 Rb5 41.Qf2 Na5 42.Rxb5 Bxb5 43.Ne1 Nc4 44.Ng2 Nc3
45.Ng1 Ne4 46.Bxe4 dxe4 47.Ne2 Bc6 48.Qg3 Qd5 49.Qh3 Bd7 50.Qh5 Qg8  1/2-1/2

[Event "TCh-AUT 1st Bundesliga 2007-8"]
[Site "Graz AUT"]
[Date "2008.03.14"]
[Round "9"]
[White "Kreisl,R"]
[Black "Tabernig,B"]
[Result "1-0"]
[WhiteElo "2322"]
[BlackElo "2323"]

1.e4 e6 2.d4 d5 3.Nc3 Nf6 4.e5 Nfd7 5.f4 c5 6.Nf3 Nc6 7.Be3 Qb6 8.Na4 Qa5+
9.c3 b6 10.Bd2 c4 11.b4 Nxb4 12.cxb4 Bxb4 13.Qc2 Bxd2+ 14.Nxd2 b5 15.Nc3 b4
16.Qa4 Qb6 17.Nb5 O-O 18.Nf3 f6 19.Be2 Bb7 20.Nd6 Bc6 21.Qd1 a5 22.O-O c3
23.Qd3 Ba4 24.Kh1 g6 25.Nh4 Kg7 26.Rac1 Nb8 27.Qg3 Nc6 28.exf6+ Rxf6 29.f5 Nxd4
30.fxg6 Nxe2 31.Qe5 Qd8 32.gxh7 Nxc1 33.Qg5+ Kxh7 34.Rxf6 Qxf6 35.Qxf6 Rg8
36.Nf7 Rg7 37.Ng5+ Rxg5 38.Qxg5 Nxa2 39.Qe7+ Kh6 40.Qf6+ Kh7 41.Qf7+  1-0

[Event "ch-RUS Girls u20"]
[Site "St Petersburg RUS"]
[Date "2008.03.14"]
[Round "7"]
[White "Bodnaruk,A"]
[Black "Severiukhina,Z"]
[Result "1-0"]
[WhiteElo "2317"]
[BlackElo "2199"]

1.e4 e6 2.d4 d5 3.Nc3 Nf6 4.e5 Nfd7 5.f4 a6 6.Nf3 c5 7.Be3 Nc6 8.Qd2 cxd4
9.Nxd4 Bc5 10.O-O-O Nxd4 11.Bxd4 O-O 12.h4 b5 13.f5 b4 14.Na4 Bxd4 15.Qxd4 Qc7
16.Re1 exf5 17.Rh3 Re8 18.Rhe3 Nf8 19.Qxb4 Rb8 20.Qd4 Qa5 21.b3 Bd7 22.Rd1 f4
23.Ree1 Ne6 24.Qxd5 Bb5 25.Qd2 Qc7 26.Qd6 Qa7 27.Bxb5 axb5 28.Nc3 b4 29.Na4 Red8
30.Qc6 Rdc8 31.Qe4 Rb5 32.Re2 h6 33.Qd3 Ra5 34.Qd7 Qb8 35.Qd6 Qb5 36.Qd3 Qb8
37.Qe4 Qb5 38.Qd3 Qb8 39.Qd6 Qb5 40.Qd7 Qb8 41.Rd5 Rxd5 42.Qxd5 Rd8 43.Qe4 Rd4
44.Qf3 Qd8 45.Re4 Rd2 46.Rxb4 Nd4 47.Qe4 Nxc2 48.Rb8 Qxb8 49.Kxd2 Ne3 50.Qxf4 Nxg2
51.Qd4 Qe8 52.Nc3 Qe7 53.Nd5 Qe6 54.Nc3 Qe7 55.Nd5 Qe6 56.Nf4 Qg4 57.Ne2 Qe6
58.Qe4 Qd7+ 59.Nd4 Qh3 60.Nf3 Qg3 61.Ke2 Nf4+ 62.Ke3 Ng2+ 63.Ke2 Nf4+ 64.Kd1 Ne6
65.a4 Qf2 66.Qe2 Qb6 67.Qc4 Qb7 68.Nd2 Qh1+ 69.Kc2 Qe1 70.Qe4 Qa1 71.Qe3 Qa3
72.Qc3 Qe7 73.Qc4 g5 74.hxg5 hxg5 75.Ne4 Kg7 76.Nd6 Qa7 77.Qc3 Qf2+ 78.Kb1 g4
79.a5 g3 80.Qxg3+ Qxg3 81.Nf5+ Kg6 82.Nxg3 Nc5 83.b4 Nd3 84.a6  1-0

[Event "TCh-HUN 2007-8"]
[Site "Budapest HUN"]
[Date "2008.03.16"]
[Round "8"]
[White "Horvath,And"]
[Black "Berczes,D"]
[Result "0-1"]
[WhiteElo "2312"]
[BlackElo "2430"]

1.e4 e6 2.d4 d5 3.Nc3 Nf6 4.e5 Nfd7 5.f4 c5 6.Nf3 Nc6 7.Be3 Be7 8.Qd2 O-O
9.Be2 a6 10.O-O b5 11.a3 Qb6 12.Rad1 Bb7 13.f5 cxd4 14.Nxd4 Bc5 15.fxe6 fxe6
16.Bg4 Nxd4 17.Bxd4 Bxd4+ 18.Qxd4 Qxd4+ 19.Rxd4 Rxf1+ 20.Kxf1 Re8 21.Ne4 Nxe5
22.Nd6 Rf8+ 23.Ke2 Nxg4 24.Nxb7 Rf2+ 25.Kd3 Rxg2 26.Nd8 Ne5+ 27.Kc3 Rxh2
28.Kb4 Rxc2 29.Kb3 Re2  0-1

[Event "ch-DEN"]
[Site "Silkeborg DEN"]
[Date "2008.03.19"]
[Round "5"]
[White "Kristensen,Kaa"]
[Black "Knudsen,P"]
[Result "1/2-1/2"]
[WhiteElo "2325"]
[BlackElo "2305"]

1.e4 e6 2.d4 d5 3.Nc3 Nf6 4.e5 Nfd7 5.f4 c5 6.Nf3 Nc6 7.Be3 a6 8.Qd2 b5 9.dxc5 Bxc5
10.Ne2 Qb6 11.Bxc5 Qxc5 12.c3 Nb6 13.Ned4 Bd7 14.Nxc6 Bxc6 15.Qd4 Na4 16.Qxc5 Nxc5
17.Nd4 Kd7 18.Kd2 Rhc8 19.Bd3 Ke7 20.g4 Bd7 21.h4 h6 22.Ke3 Rab8 23.Rac1 Na4
24.Rc2 a5 25.f5 b4 26.cxb4 axb4 27.Rhc1 Nxb2 28.Rxc8 Rxc8 29.Rxc8 Bxc8 30.Nc6+ Kf8
31.Bc2 Nc4+ 32.Kf4 f6 33.fxe6 g5+ 34.hxg5 hxg5+ 35.Kf5 Ne3+ 36.Kxf6 Nxc2
37.Ne7 Bxe6 38.Kxe6 d4 39.Nf5 d3 40.Kf6 Nd4 41.Ne3 d2 42.Kxg5 Ke7 43.Kf4 Ne2+
44.Ke4 Nc3+ 45.Kd3 d1=Q+ 46.Nxd1 Nxd1 47.g5 Nc3 48.a3 Na2 49.a4 b3 50.a5 Kf7
51.Kd2 Ke7 52.g6 Ke6 53.Kd3 Ke7 54.Kd2 Ke6 55.g7 Kf7 56.a6 b2 57.Kc2 Nb4+
58.Kxb2 Nxa6  1/2-1/2

[Event "Doeberl Cup"]
[Site "Canberra AUS"]
[Date "2008.03.20"]
[Round "1"]
[White "Ikeda,J"]
[Black "Jule,A"]
[Result "1-0"]
[WhiteElo "2201"]
[BlackElo "1931"]

1.e4 e6 2.d4 d5 3.Nc3 Nf6 4.e5 Nfd7 5.f4 c5 6.Nf3 Nc6 7.Be3 Qb6 8.Na4 Qa5+
9.c3 b6 10.Bd2 c4 11.b4 Qa6 12.Nb2 Qa3 13.Qc2 a5 14.b5 Na7 15.Bxc4 Bb7 16.Be2 Rc8
17.O-O Qe7 18.f5 exf5 19.Qxf5 g6 20.Qh3 Bg7 21.Ng5  1-0

[Event "XXXV Open"]
[Site "La Roda ESP"]
[Date "2008.03.21"]
[Round "5"]
[White "Robles Garcia,C"]
[Black "Martinez Martin,D"]
[Result "1/2-1/2"]
[WhiteElo "2203"]
[BlackElo "2395"]

1.e4 e6 2.d4 d5 3.Nc3 Nf6 4.e5 Nfd7 5.f4 c5 6.Nf3 Nc6 7.Be3 a6 8.Qd2 b5 9.dxc5 Bxc5
10.Ne2 Bxe3 11.Qxe3 Qa5+ 12.Qd2 Qxd2+ 13.Kxd2 f6 14.Ned4 Nxd4 15.Nxd4 fxe5
16.fxe5 Nxe5 17.Re1 Ng4 18.Nxe6 Bxe6 19.Rxe6+ Kd7 20.Re1 Raf8 21.Bd3 Rf2+
22.Re2 Rhf8 23.h3 Ne5 24.Re1 Kd6 25.Ke3 Rxe2+  1/2-1/2

[Event "ch-TUR"]
[Site "Ankara TUR"]
[Date "2008.03.25"]
[Round "3"]
[White "Firat,B"]
[Black "Secer,A"]
[Result "1/2-1/2"]
[WhiteElo "2182"]
[BlackElo "2308"]

1.e4 e6 2.d4 d5 3.Nc3 Nf6 4.e5 Nfd7 5.f4 c5 6.Nf3 Nc6 7.Be3 Be7 8.Qd2 O-O
9.dxc5 Bxc5 10.O-O-O Qa5 11.Bxc5 Nxc5 12.Kb1 Rd8 13.Qe3 Bd7 14.Nd4 Nxd4 15.Rxd4 Rac8
16.Bd3 Nxd3 17.Qxd3 Qc7 18.Rd1 Be8 19.Rd2 a6 20.Qe3 Bc6 21.Ne2 Qe7 22.Ng3 Re8
23.Re2 Bb5 24.Re1 g6 25.Nh1 Rc5 26.Nf2 Rec8 27.c3 Rc4 28.Ng4 Rxd4 29.Nf6+ Kg7
30.Qxd4 Qc5 31.Rd1  1/2-1/2

[Event "Spring Open"]
[Site "Belgrade SCG"]
[Date "2008.03.25"]
[Round "1"]
[White "Miladinovic,L"]
[Black "Radosevic,N"]
[Result "1-0"]
[WhiteElo "1823"]
[BlackElo "2191"]

1.e4 e6 2.d4 d5 3.Nc3 Nf6 4.e5 Nfd7 5.f4 c5 6.Nf3 Nc6 7.Be3 a6 8.Qd2 cxd4
9.Nxd4 Bc5 10.O-O-O Bxd4 11.Bxd4 O-O 12.g4 Nxd4 13.Qxd4 Qc7 14.h4 b5 15.g5 Bb7
16.Rh2 Nc5 17.h5 Rfb8 18.g6 fxg6 19.hxg6 h6 20.f5 b4 21.Ne2 b3 22.f6 bxa2
23.f7+ Kf8 24.Kd2 Bc8 25.Nc3 Rxb2 26.Ke3 Qb6 27.Kf3 Rb4 28.Qd2 Nd7 29.Rxh6 Nxe5+
30.Ke2 Nxf7 31.Rh2 e5 32.gxf7 Bg4+ 33.Ke1 Bxd1 34.Rh8+ Kxf7 35.Qxd5+ Kf6
36.Rxa8 Bh5 37.Qxa2 Qe3+ 38.Ne2 Bxe2 39.Rf8+ Kg5 40.Bxe2 Qc1+ 41.Kf2 Rb1
42.Kf3 Qh1+ 43.Ke3 Qg1+ 44.Rf2 Qc1+ 45.Kd3 Rb4 46.Rf5+ Kh4 47.Rxe5 Qf4 48.Rh5+ Kg3
49.Qd5 Rb5 50.Qd4 Qxd4+ 51.Kxd4 Rb6 52.Rg5+ Kf2 53.Bd3 Rd6+ 54.Kc3 Rd7 55.Bxa6 Ke3
56.Re5+ Kf4 57.Re1 g5 58.Rg1 g4 59.Be2 g3 60.Rf1+ Ke4 61.Bf3+ Ke3 62.Kb3 Rf7
63.Bg2 Rh7 64.Rf3+  1-0

[Event "2nd Agzamov Memorial"]
[Site "Tashkent UZB"]
[Date "2008.03.26"]
[Round "7"]
[White "Fedorov,Alex"]
[Black "Kayumov,S"]
[Result "1/2-1/2"]
[WhiteElo "2607"]
[BlackElo "2426"]

1.e4 e6 2.d4 d5 3.Nc3 Nf6 4.e5 Nfd7 5.f4 c5 6.Nf3 Nc6 7.Be3 Be7 8.Qd2 O-O
9.Be2 a6 10.O-O b5 11.a3 Qb6 12.Kh1 Bb7 13.Rad1 cxd4 14.Nxd4 Nxd4 15.Bxd4 Bc5
16.Qe3 Bxd4 17.Qxd4 Qxd4 18.Rxd4 f6 19.exf6 gxf6 20.Bg4 f5 21.Bf3 Rac8 22.Rc1 Nc5
23.Kg1 Rc7 24.Kf2 Ne4+ 25.Bxe4 fxe4 26.Ke3 Rg7 27.Rg1 Kf7 28.a4 e5 29.fxe5 Ke6
30.axb5 axb5 31.Nxb5 Kxe5 32.c4 Bc6 33.Rd2 dxc4 34.Nd6 Bd5 35.Rgd1 Kxd6 36.Rxd5+ Kc6
37.R5d2 Kc5 38.Rc1 Rb8 39.Rc3 Rgb7 40.Rd4 Rxb2 41.Rdxc4+ Kd5 42.Rd4+ Ke5
43.Rxe4+ Kf6 44.Rc6+ Kg7 45.Rg4+ Kh8 46.h3 R8b3+ 47.Kd4 Rb4+ 48.Rc4  1/2-1/2

[Event "ch-TUR"]
[Site "Ankara TUR"]
[Date "2008.03.27"]
[Round "5"]
[White "Duman,A"]
[Black "Dogan,A"]
[Result "1/2-1/2"]
[WhiteElo "2231"]
[BlackElo "1978"]

1.e4 e6 2.d4 d5 3.Nc3 Nf6 4.e5 Nfd7 5.f4 c5 6.Nf3 Nc6 7.Be3 cxd4 8.Nxd4 Bc5
9.Qd2 O-O 10.O-O-O a6 11.h4 Nxd4 12.Bxd4 b5 13.h5 b4 14.Ne2 a5 15.Kb1 Qb6
16.h6 g6 17.Bxc5 Nxc5 18.Qe3 Ba6 19.f5 Na4 20.Qxb6 Nxb6 21.fxe6 fxe6 22.Nd4  1/2-1/2

[Event "KNSB TCh-NED 2007-8"]
[Site "Netherlands NED"]
[Date "2008.03.29"]
[Round "8"]
[White "Van Delft,M"]
[Black "Vedder,H"]
[Result "1/2-1/2"]
[WhiteElo "2390"]
[BlackElo "2375"]

1.e4 e6 2.d4 d5 3.Nc3 Nf6 4.e5 Nfd7 5.f4 c5 6.Nf3 Nc6 7.Be3 Qb6 8.Na4 Qa5+
9.c3 b6 10.Bd2 c4 11.b4 Qa6 12.a3 Be7 13.g3 O-O 14.Bh3 b5 15.Nb2 Qb6 16.O-O a5
17.Kh1 axb4 18.axb4 Rxa1 19.Qxa1 Qa7 20.Qxa7 Nxa7 21.Ra1 Nc6 22.Nd1  1/2-1/2

[Event "TCh-HUN 2007-8"]
[Site "Budapest HUN"]
[Date "2008.03.30"]
[Round "9"]
[White "Fogarasi,T"]
[Black "Hoang Thanh Trang"]
[Result "1/2-1/2"]
[WhiteElo "2428"]
[BlackElo "2466"]

1.e4 e6 2.d4 d5 3.Nc3 Nf6 4.e5 Nfd7 5.f4 c5 6.Nf3 Nc6 7.Be3 Be7 8.Qd2 O-O
9.Be2 a6 10.O-O b5 11.a3 Qb6 12.Kh1 cxd4 13.Nxd4 Bc5 14.Rad1 Bb7 15.Bg1 Rac8
16.Nb3 Bxg1 17.Rxg1 Rfd8 18.Bd3 Na5 19.Nxa5 Qxa5 20.Qe3 b4 21.axb4 Qxb4 22.Ne2 Nc5
23.Nd4 g6 24.b3 Qc3 25.Rge1 Ne4 26.Kg1 Qc5 27.Bxe4 dxe4 28.c4 a5 29.Nc2 Qc7
30.Rd4 a4 31.bxa4 Rxd4 32.Nxd4 Qxc4 33.Nb5 Qd3 34.Nd6 Qxe3+ 35.Rxe3 Rc1+
36.Kf2 Bc6 37.a5 Kg7 38.g3 Ra1 39.Nxe4 Ra2+ 40.Kg1 Rxa5 41.Nf6 h6 42.Rc3 Ra6
43.h4 h5  1/2-1/2

[Event "3rd Open"]
[Site "Kolkata IND"]
[Date "2008.03.31"]
[Round "8"]
[White "Matta,V"]
[Black "Kamble,V"]
[Result "1-0"]
[WhiteElo "2260"]
[BlackElo "2387"]

1.e4 e6 2.d4 d5 3.Nc3 Nf6 4.e5 Nfd7 5.f4 c5 6.Nf3 Qb6 7.Na4 Qa5+ 8.c3 c4
9.b4 cxb3 10.axb3 b5 11.b4 Qa6 12.Be3 Qc6 13.Nc5 Nb6 14.Bd3 Nc4 15.Bc1 a5
16.O-O axb4 17.Rxa8 Qxa8 18.cxb4 Nc6 19.Bxc4 dxc4 20.Bd2 Bxc5 21.dxc5 O-O
22.Ng5 h6 23.Ne4 Nxe5 24.Nf6+ gxf6 25.fxe5 Qe4 26.Bxh6 Bb7 27.Rf3 Ra8 28.Rg3+ Kh7
29.Bg5 fxg5 30.Qh5+ Kg7 31.Rxg5+ Qg6 32.Rxg6+ fxg6 33.Qg5 Bd5 34.Qf6+ Kh7
35.Qf7+ Kh6 36.Qf4+ Kh7 37.g4 c3 38.Qf7+ Kh6 39.Qf4+ Kg7 40.Qc1 Ra2 41.Qxc3 Rg2+
42.Kf1 Rxg4 43.Qa3 Rf4+ 44.Ke1 Re4+ 45.Kf2 Rc4 46.Qa5 Kh6 47.Qxb5 Kg5 48.Ke3 Kf5
49.Kd3 Rh4 50.c6 Rh3+ 51.Kd4 Rh4+ 52.Kc5 Rxh2 53.Kd6 Ke4 54.c7 Rd2 55.Ke7 Rc2
56.Qb8 g5 57.c8=Q Rxc8 58.Qxc8 g4 59.Kd6 g3 60.Qc1 g2 61.Qg1 Kf3 62.b5 Kf4
63.b6 Kf5 64.Qf2+ Kg4 65.Kc7 Kh3 66.Qg1  1-0

[Event "Spring Open"]
[Site "Belgrade SCG"]
[Date "2008.04.02"]
[Round "9"]
[White "Tomin,Ks"]
[Black "Novkovic,Ma"]
[Result "1/2-1/2"]
[WhiteElo "1756"]
[BlackElo "1936"]

1.e4 e6 2.d4 d5 3.Nc3 Nf6 4.e5 Nfd7 5.f4 c5 6.Nf3 Qb6 7.Na4 Qa5+ 8.Nc3 cxd4
9.Nxd4 a6 10.Be2 Nc6 11.Nxc6 bxc6 12.O-O Be7 13.Qd3 Qc7 14.Qg3 g6 15.Kh1 a5
16.Be3 Ba6 17.Bxa6 Rxa6 18.Qh3 a4 19.Qh6 Bf8 20.Qh4 Bg7 21.b3 a3 22.Rad1 O-O
23.Rf3 Rb8 24.Rh3 h6 25.Qg3 c5 26.Bd2 Nb6 27.Nb5 Qd7 28.Nd6 Nc8 29.Nxc8 Rxc8
30.f5 exf5 31.Bxh6 Bxh6 32.Rxh6 Kg7 33.Qh4 Rg8 34.Rh7+ Kf8 35.Qc4 Ra8 36.Qxc5+ Qe7
37.Rxd5 Qxc5 38.Rxc5 Ke7 39.Rc7+ Ke6 40.Rhxf7 Kxe5 41.Kg1 Kf4 42.Kf2 Rgd8
43.Rfd7 Rh8 44.h3 Rhe8 45.c4 Re6 46.c5 Rae8 47.Rd2 Re1 48.g3+ Kg5 49.h4+ Kg4
50.c6 Rb1 51.Rg7 Rb2 52.Rxg6+ Kh3 53.Rd6 Rc8 54.h5 Rxc6 55.Rxc6 Rxd2+ 56.Kf3 Rxa2
57.h6 Rb2 58.h7 Rxb3+ 59.Kf4 Rb4+ 60.Kf3 Rb3+ 61.Kf4 Rb4+ 62.Kf3  1/2-1/2

[Event "ch-TUR"]
[Site "Ankara TUR"]
[Date "2008.04.04"]
[Round "13"]
[White "Firat,B"]
[Black "Dogan,A"]
[Result "1-0"]
[WhiteElo "2182"]
[BlackElo "1978"]

1.e4 e6 2.d4 d5 3.Nc3 Nf6 4.e5 Nfd7 5.f4 c5 6.Nf3 Nc6 7.Be3 cxd4 8.Nxd4 Bc5
9.Qd2 a6 10.O-O-O Nxd4 11.Bxd4 b5 12.Ne4 Be7 13.Ng5 h6 14.Nf3 Nc5 15.Qe3 Qc7
16.Kb1 Bd7 17.Bd3 Rc8 18.Rc1 O-O 19.g4 Nxd3 20.Qxd3 Qc4 21.Qd2 b4 22.h4 a5
23.h5 Bb5 24.Rh2 a4 25.b3 axb3 26.axb3 Qc6 27.g5 Qa6 28.gxh6 Ra8 29.Rg1 Rfc8
30.Qg2 Bf8 31.hxg7 Be7 32.h6 Kh7 33.Qd2 Qa2+ 34.Kc1 Rc3 35.g8=Q+ Rxg8 36.Rg7+ Rxg7
37.hxg7+ Kg8 38.Bxc3 bxc3 39.Qxc3 Qa6 40.Kb1 Qb7 41.Nd4  1-0

[Event "ch-NED w"]
[Site "Hilversum NED"]
[Date "2008.04.12"]
[Round "8"]
[White "Bensdorp,L"]
[Black "Bensdorp,M"]
[Result "0-1"]
[WhiteElo "2085"]
[BlackElo "2268"]

1.e4 e6 2.d4 d5 3.Nc3 Nf6 4.e5 Nfd7 5.f4 c5 6.Nf3 a6 7.Be3 Qb6 8.Na4 Qa5+
9.c3 cxd4 10.b4 Qc7 11.Qxd4 a5 12.b5 b6 13.Be2 Nc5 14.O-O Nbd7 15.Kh1 Be7
16.Qd1 O-O 17.c4 Bb7 18.cxd5 Bxd5 19.Nc3 Bb7 20.Rc1 f6 21.Bd4 Rad8 22.Qe1 fxe5
23.Nxe5 Bf6 24.Nxd7 Rxd7 25.Bxc5 Qxc5 26.Ne4 Qf5 27.Nxf6+ Rxf6 28.a4 Qe4
29.Rc6 Bxc6 30.bxc6 Rc7 31.Qd2 Qxc6 32.Bb5 Qd5 33.Qe2 Qd6 34.h3 Rcf7 35.Bc4 g6
36.Rd1 Qc6 37.Re1 Kg7 38.Bb5 Qd6 39.g3 Rc7 40.Rd1 Qa3 41.Kh2 Qc5 42.Rd2 Kf7
43.h4 Rf5 44.Bd7 Qe7 45.Bb5 Rd5 46.Rb2 Rc1 47.Bc4 Rc5 48.Bb3 Qd6  0-1

[Event "6th V.Nabokov Mem"]
[Site "Kyiv UKR"]
[Date "2008.04.12"]
[Round "10"]
[White "Pavlov,S2"]
[Black "Vysochin,S"]
[Result "1/2-1/2"]
[WhiteElo "2418"]
[BlackElo "2521"]

1.e4 e6 2.d4 d5 3.Nc3 Nf6 4.e5 Nfd7 5.f4 c5 6.Nf3 Nc6 7.Be3 a6 8.Qd2 b5 9.dxc5 Bxc5
10.Bxc5 Nxc5 11.Qf2 Qb6 12.Bd3 Rb8 13.O-O Nb4 14.Rfd1 Na4 15.Rab1 Qxf2+ 16.Kxf2 Ke7
17.Nd4 Bd7 18.Nxa4 bxa4 19.a3 Nc6 20.Nxc6+ Bxc6 21.b3 a5 22.bxa4 Bxa4 23.Ke3 Rhc8
24.Rdc1 Kd7 25.f5 h6 26.Kd4 Rxb1 27.Rxb1 Bxc2 28.Rb7+ Ke8 29.fxe6 fxe6 30.Rxg7 Bxd3
31.Kxd3 Rc4 32.Rh7 Ra4 33.Rxh6 Kf7 34.h4 Rxa3+ 35.Kd4 Rg3 36.Kc5 Rxg2 37.Kd6 Rg6
38.Rh7+ Rg7 39.Rh8 Rg8 40.Rh7+ Rg7 41.Rh8 d4 42.Ra8 Rg8 43.Ra7+ Kg6 44.Kxe6 Re8+
45.Kd6 d3 46.Rd7 Kf5 47.Kc5 Ke4 48.Kc4 Rc8+ 49.Kb5 Ke3 50.e6 d2 51.e7 Re8
52.h5 Ke2 53.h6 d1=Q 54.Rxd1 Kxd1 55.h7 Ra8 56.Kc6 Rh8 57.Kb5 Ra8 58.Kc6 Rh8
59.Kb5 Kc2 60.Kxa5 Kd3 61.Kb5 Rc8 62.Kb6 Ke4 63.Kb7 Rh8 64.Kc6 Ke5 65.Kd7 Rxh7
66.Kd8 Rxe7 67.Kxe7  1/2-1/2

[Event "10th Open"]
[Site "Dubai UAE"]
[Date "2008.04.14"]
[Round "9"]
[White "Soozankar,A"]
[Black "Hassan,Ab"]
[Result "1-0"]
[WhiteElo "2221"]
[BlackElo "2352"]

1.e4 e6 2.d4 d5 3.Nc3 Nf6 4.e5 Nfd7 5.Nf3 c5 6.Bg5 Qb6 7.dxc5 Bxc5 8.Qd2 Nc6
9.O-O-O a6 10.Na4 Qc7 11.Nxc5 Nxc5 12.Qe3 b6 13.h4 Bd7 14.h5 h6 15.Bh4 a5
16.g4 a4 17.a3 d4 18.Qe1 d3 19.Bxd3 Na5 20.Nd4 Nxd3+ 21.Rxd3 O-O 22.g5 hxg5
23.Bxg5 f6 24.exf6 e5 25.fxg7 Kxg7 26.Qe4 Qd6 27.Nf3 Bc6 28.Qg4 Bxf3 29.Bf6+  1-0

[Event "FSIM April"]
[Site "Budapest HUN"]
[Date "2008.04.15"]
[Round "11"]
[White "Lorand,N"]
[Black "Natsidis,C"]
[Result "1/2-1/2"]
[WhiteElo "2233"]
[BlackElo "2280"]

1.e4 e6 2.d4 d5 3.Nc3 Nf6 4.e5 Nfd7 5.f4 c5 6.Nf3 Nc6 7.Be3 a6 8.Qd2 b5 9.a3 Qb6
10.dxc5 Bxc5  1/2-1/2

[Event "82nd ch-ARG s/f"]
[Site "Buenos Aires ARG"]
[Date "2008.04.15"]
[Round "6"]
[White "Mareco,S"]
[Black "Iermito,S"]
[Result "1/2-1/2"]
[WhiteElo "2470"]
[BlackElo "2339"]

1.e4 e6 2.d4 d5 3.Nc3 Nf6 4.e5 Nfd7 5.f4 c5 6.Nf3 Nc6 7.Be3 cxd4 8.Nxd4 Bc5
9.Qd2 O-O 10.g3 Qe7 11.Bg2 Nb6 12.Qf2 Bxd4 13.Bxd4 Nxd4 14.Qxd4 Bd7 15.Bf1 Rfc8
16.Bd3 Nc4 17.Rb1 Kh8 18.O-O Nd2 19.b4 Nxb1 20.Rxb1 Qd8 21.Ne2 Qb6 22.Kf2 Ba4
23.Rb2 Bd7 24.Ke1 Qxd4 25.Nxd4 f6 26.Nf3 a6 27.Kd2 Be8 28.Rb1 Bh5 29.Nd4 fxe5
30.fxe5 Re8 31.a4 Bg6 32.Be2 Rac8 33.b5 a5  1/2-1/2

[Event "Gausdal Classics GMB"]
[Site "Gausdal NOR"]
[Date "2008.04.15"]
[Round "8"]
[White "Tofte,S"]
[Black "Vovk,Ok"]
[Result "0-1"]
[WhiteElo "2131"]
[BlackElo "2166"]

1.e4 e6 2.d4 d5 3.Nc3 Nf6 4.e5 Nfd7 5.f4 c5 6.Nf3 Nc6 7.Be3 a6 8.Qd2 b5 9.a3 Qb6
10.Ne2 c4 11.g4 b4 12.f5 bxa3 13.bxa3 Qb2 14.Qc3 Qxc3+ 15.Nxc3 Nb6 16.Bh3 Be7
17.O-O h5 18.gxh5 exf5 19.h6 gxh6 20.Nd2 Bg5 21.Bxg5 hxg5 22.Bxf5 Nxd4 23.Bxc8 Rxc8
24.Rab1 Rh3 25.Rxb6 Rxc3 26.Rb7 Ne2+ 27.Kh1 Nf4 28.Nf3 Ne6 29.a4 Rxc2 30.h4 gxh4
31.Nxh4 Rc7 32.Rb8+ Nd8 33.Nf5 Re2 34.Rg1 Kd7 35.Rg8 Rc8 36.e6+ Rxe6 37.Rb1 c3
38.Rc1 Re4 39.Rg3 d4 40.Rd3 Ne6 41.Kg1 Rg4+ 42.Ng3 Nc5  0-1